000 00314nam a22001457a 4500
008 210426b ||||| |||| 00| 0 eng d
020 _a9780865421110
041 _aeng
080 _22nd
_a94
082 _a94
100 _a16
101 _aHIS
245 _aBetween Worlds
_cFrances Karttunen
942 _2udc
_cBK
999 _c56736
_d56736